000 00924cam a2200229 4500
001 ABS62478
008 000000n2000 000 0 eng u
035 _a(Sirsi) u106424
100 _aFawkes, S.
245 _aIntegrated performance
260 _c2000
490 _aPremises and Facilities Management
_vMay 2000, 23-24(2)
520 _aOutlines the benefits to facilities managers of integrating information from building systems with general management IT systems. Suggests that such a move will allow facilities managers to move away from being solely responsible for the operation of buildings and allow them to contribute more to overall business objectives.
590 _aABS
650 _aFACILITIES MANAGERS
650 _aPERFORMANCE MEASUREMENT
650 _aBUILDING SYSTEMS
650 _aINTEGRATED PERFORMANCE
650 _aIT SYSTEMS
690 _aMANAGEMENT-FACILITIES MANAGEMENT
942 _n0
999 _c63741
_d63741